[Event "2012 US Cadet"]
[Site "Rockville, MD, USA"]
[Date "2012.07.24"]
[Round "7.2"]
[White "FM Michael Bodek"]
[Black "Joshua Colas"]
[Result "1-0"]
[WhiteElo "2407"]
[BlackElo "2345"]
[PlyCount "112"]
[EventDate "2012.??.??"]
[TimeControl "6000+820"]

1. e4 c5 2. Nf3 e6 3. d4 cxd4 4. Nxd4 a6 5. Nc3 b5 6. Bd3 Qb6 7. Nf3 Nc6 8. O-O
d6 9. a4 b4 10. a5 Nxa5 11. Na4 Qc7 12. Be3 Rb8 13. Nb6 Rxb6 14. Rxa5 Rb8 15.
Qa1 Nf6 16. Bxa6 Bxa6 17. Rxa6 Be7 18. e5 dxe5 19. Ra7 Rb7 20. Qa4+ Qd7 21.
Ra8+ Bd8 22. Qa6 O-O 23. Bc5 Re8 24. Nxe5 Qd5 25. Nd3 Rc7 26. Bb6 Rd7 27. Nxb4
Qd2 28. Bxd8 Rdxd8 29. Rxd8 Rxd8 30. Nc6 Re8 31. Qa4 h5 32. b4 Qc3 33. b5 Nd5
34. Rb1 Qc5 35. c4 Nb6 36. Qb4 Qxc4 37. Qxc4 Nxc4 38. b6 Nxb6 39. Rxb6 Kf8 40.
Kf1 g6 41. Ke2 Ra8 42. Rb8+ Rxb8 43. Nxb8 Ke7 44. Nc6+ Kd6 45. Nd4 Kd5 46. Ke3
e5 47. Nf3 Ke6 48. Ke4 f5+ 49. Ke3 Kd5 50. Ng5 h4 51. Nf3 f4+ 52. Ke2 h3 53. g3
e4 54. Ng5 Ke5 55. Nxh3 fxg3 56. fxg3 Kd5 1-0

[Event "2012 US Cadet"]
[Site "Rockville, MD, USA"]
[Date "2012.07.24"]
[Round "7.3"]
[White "FM Aleksandr Ostrovskiy"]
[Black "Justus Williams"]
[Result "1/2-1/2"]
[WhiteElo "2426"]
[BlackElo "2343"]
[PlyCount "83"]
[EventDate "2012.??.??"]
[TimeControl "6000+2025"]

1. e4 c5 2. Nf3 d6 3. d4 cxd4 4. Nxd4 Nf6 5. Nc3 a6 6. Be3 e5 7. Nf3 Be7 8. Bc4
O-O 9. O-O Nc6 10. Re1 h6 11. a3 Be6 12. Nd5 b5 13. Ba2 Rb8 14. Nd2 Re8 15. f3
Bf8 16. Qe2 Bxd5 17. exd5 Ne7 18. Qd3 Qc8 19. Ne4 Nxe4 20. fxe4 f5 21. Bf2 g6
22. b4 Kh8 23. c4 Ng8 24. Rac1 Qd7 25. Bb1 f4 26. Rc3 Nf6 27. Kh1 Ng4 28. Bg1
h5 29. c5 Rbd8 30. Qe2 Be7 31. h3 Nf6 32. Rec1 g5 33. cxd6 Bxd6 34. Rc6 g4 35.
Bb6 gxh3 36. Bxd8 Rxd8 37. R1c3 hxg2+ 38. Qxg2 Rg8 39. Qh3 Qg7 40. Rc1 Qg5 41.
Rc8 Bf8 42. d6 1/2-1/2

[Event "2012 US Cadet"]
[Site "Rockville, MD, USA"]
[Date "2012.07.24"]
[Round "7.4"]
[White "Christopher Gu"]
[Black "Christopher Wu"]
[Result "1-0"]
[WhiteElo "2364"]
[BlackElo "2295"]
[PlyCount "95"]
[EventDate "2012.??.??"]
[TimeControl "6000+1100"]

1. d4 d5 2. c4 c6 3. Nf3 Nf6 4. e3 e6 5. Nbd2 Bd6 6. Bd3 Nbd7 7. O-O O-O 8. e4
dxe4 9. Nxe4 Nxe4 10. Bxe4 Nf6 11. Bc2 h6 12. Qd3 Qc7 13. c5 Bf4 14. Bxf4 Qxf4
15. Ne5 Rd8 16. Rad1 h5 17. g3 Qh6 18. f4 Bd7 19. Qe2 Nd5 20. Be4 Ne7 21. Rfe1
Be8 22. b4 Rab8 23. a4 a6 24. Rd2 g6 25. Qf3 Qg7 26. Qc3 Nc8 27. Bf3 Ne7 28.
Be4 Nc8 29. Rb1 Qf6 30. Kg2 Qe7 31. h3 Qf6 32. Rf1 Qg7 33. g4 hxg4 34. hxg4 f6
35. Nc4 Ne7 36. Rh1 f5 37. Bf3 g5 38. fxg5 fxg4 39. Bxg4 Bf7 40. Kg1 Nd5 41.
Qh3 Nf4 42. Qh6 Rd5 43. Ne5 Rbd8 44. Rdh2 Bg6 45. Nxg6 Qxd4+ 46. Rf2 Nh3+ 47.
Qxh3 Qa1+ 48. Kg2 1-0

[Event "2012 US Cadet"]
[Site "Rockville, MD, USA"]
[Date "2012.07.24"]
[Round "8.1"]
[White "Christopher Gu"]
[Black "FM Aleksandr Ostrovskiy"]
[Result "1-0"]
[WhiteElo "2364"]
[BlackElo "2426"]
[PlyCount "81"]
[EventDate "2012.??.??"]
[TimeControl "1200+155"]

1. d4 d5 2. c4 c6 3. Nf3 Nf6 4. e3 Bf5 5. Nc3 e6 6. Nh4 Be4 7. f3 Bg6 8. Qb3
Qc7 9. Bd2 Be7 10. g3 Nbd7 11. cxd5 Nxd5 12. Nxg6 hxg6 13. e4 N5b6 14. Be3 a5
15. a3 Bd6 16. f4 Qb8 17. Bg2 a4 18. Qc2 O-O 19. Kf2 Nc4 20. e5 Nxe3 21. Kxe3
Be7 22. Rad1 Rd8 23. h4 Nb6 24. Be4 c5 25. d5 exd5 26. Nxd5 Nxd5+ 27. Bxd5 Ra6
28. h5 g5 29. h6 gxh6 30. e6 gxf4+ 31. gxf4 Bg5 32. exf7+ Kf8 33. Qxc5+ Be7 34.
Qd4 Bf6 35. Qe4 Rad6 36. Qh7 Qa7+ 37. Kf3 Qc5 38. Qg8+ Ke7 39. Rhe1+ Kd7 40.
Qe8+ Kc7 41. Rc1 1-0

[Event "2012 US Cadet"]
[Site "Rockville, MD, USA"]
[Date "2012.07.24"]
[Round "8.2"]
[White "FM Michael Bodek"]
[Black "Christopher Wu"]
[Result "1-0"]
[WhiteElo "2407"]
[BlackElo "2295"]
[PlyCount "105"]
[EventDate "2012.??.??"]
[TimeControl "1200+225"]

1. e4 d6 2. d4 g6 3. c4 Bg7 4. Nc3 Nd7 5. Be3 b6 6. f3 Bb7 7. Bd3 e6 8. Nge2
Ne7 9. Qd2 h6 10. d5 e5 11. g4 a5 12. Ng3 Nc5 13. Bc2 Ba6 14. b3 Qd7 15. h4 Bb7
16. h5 g5 17. Bd1 f6 18. Be2 Kf7 19. Kf2 Na6 20. Rhd1 Rhd8 21. Qb2 Qe8 22. a3
Bf8 23. Nb5 Qd7 24. Ra2 Qc8 25. Rda1 Rb8 26. b4 Qd7 27. Qd2 c6 28. dxc6 Bxc6
29. Rd1 Bxb5 30. cxb5 Nc7 31. bxa5 bxa5 32. a4 d5 33. exd5 Nexd5 34. Bc4 Bb4
35. Qd3 Ke8 36. b6 Qg7 37. bxc7 Nxc7 38. Qe2 Rxd1 39. Qxd1 Rd8 40. Qe2 Nd5 41.
Nf5 Qc7 42. Bxd5 Rxd5 43. Rc2 Qb8 44. Qc4 e4 45. Qc6+ Rd7 46. Qxe4+ Re7 47.
Nxe7 Qh2+ 48. Kf1 Qh1+ 49. Bg1 Qh3+ 50. Ke2 Bxe7 51. Rc8+ Kf7 52. Qd5+ Kg7 53.
Qg8# 1-0

[Event "2012 US Cadet"]
[Site "Rockville, MD, USA"]
[Date "2012.07.25"]
[Round "9.1"]
[White "Christopher Gu"]
[Black "FM Michael Bodek"]
[Result "0-1"]
[WhiteElo "2364"]
[BlackElo "2407"]
[PlyCount "110"]
[EventDate "2012.??.??"]
[TimeControl "1200+100"]

1. d4 e6 2. c4 f5 3. Nf3 Nf6 4. g3 d5 5. Bg2 c6 6. O-O Bd6 7. b3 Qe7 8. Bb2 O-O
9. Qc1 b6 10. Ba3 Bxa3 11. Qxa3 Qxa3 12. Nxa3 Bb7 13. e3 Nbd7 14. Rfd1 Rac8 15.
Rac1 Rfd8 16. cxd5 exd5 17. b4 b5 18. Nc2 Nb6 19. Na1 Nc4 20. Nb3 Nd7 21. Ne1
Ra8 22. Nc5 Nxc5 23. bxc5 Bc8 24. Bf1 Be6 25. Rb1 a5 26. Nd3 Rab8 27. Re1 Nd2
28. Bg2 Nxb1 29. Rxb1 Rdc8 30. f4 Kf8 31. Kf2 Ke7 32. Ke1 Kd8 33. Kd2 Kc7 34.
Ne5 Rb7 35. Bf1 Ra8 36. Bd3 b4 37. Bc2 a4 38. Nd3 b3 39. axb3 axb3 40. Bxb3 Rg8
41. Kc3 Ra8 42. Nb4 Rba7 43. Kb2 Bc8 44. Nc2 Ba6 45. Kc3 Be2 46. Re1 Bf3 47.
Kb2 Be4 48. Nb4 Ra3 49. Na2 Bd3 50. Nc3 Bc4 51. Bc2 g6 52. Rb1 R3a7 53. Kc1 Ra1
54. Kb2 Rxb1+ 55. Nxb1 Re8 0-1